Les nouveaux grands du rire - Statistiques

Statistiques générales
  • Ce quiz a été pris 77 fois
  • Le résultat moyen est 15 sur 32
Statistiques - réponses
Par images Réponse % Correct
McFly & Carlito
92%
Jonathan Cohen
83%
Paul Mirabel
80%
Inès Reg
77%
Ahmed Sylla
76%
Camille Lellouche
75%
Jeff Panacloc & Jean-Marc
72%
Greg Guillotin
70%
Ragnar le Breton
69%
Philippe Lacheau
68%
Djimo
59%
Fadily Camara & Hakim Jemili
49%
Romane Frayssinet
49%
Panayotis Pascot
48%
Bun Hay Mean
44%
Fary
44%
Melha Bédia
44%
Redouane Bougheraba
42%
Vincent Dedienne
41%
Haroun
38%
Jean-Pascal Zadi
38%
Bérengère Krief
32%
Élodie Poux
31%
Kheiron
31%
Laura Laune
30%
Nicocapone
30%
David Castello-Lopes
24%
Franjo
20%
Maxime Gasteuil
13%
GiedRé
7%
Sacha Béhar & Augustin Shackelpopoulos
3%
Djamil le shlag
1%
Aucun quiz correspondant
Distribution des résultats
% des personnes avec chaque résultat
Percentile par nombre de réponses
Votre historique - résultats
Vous n’avez pas pris ce quiz